Statistics for H2O: Just Add Water Characters by Picture

Click here to take the quiz!

General Stats

  • This quiz has been taken 30 times
  • The average score is 8 of 16

Answer Stats

Answer% Correct
Emma Gilbert
88%
Rikki Chadwick
84%
Cleo Sertori
72%
Elliot Gilbert
68%
Zane Bennett
68%
Lewis McCartney
56%
Kim Sertori
52%
Donald Sertori
44%
Charlotte Watsford
40%
Isabella Hartley
40%
Miriam Kent
40%
Louise Chatham
36%
Sophie Benjamin
36%
Wilfred
36%
Will Benjamin
36%
Ash Dove
16%

Score Distribution

Percentile by Number Answered

Percent of People with Each Score

Your Score History

You have not taken this quiz